Informe de labores 1998-1999 [de la STPS] /

En este informe se presenta el programa/presupuesto y la estructura orgánica de la Secretaría de Trabajo y Previsión Social durante el periodo septiembre 1998-agosto 1999. Se presentan, asimiso, los resultados de las acciones desarrolladas por la STPS y un informe sobre las actividades por área admi...

Fuld beskrivelse

Guardado en:
Bibliografiske detaljer
Institution som forfatter: México. Secretaría del Trabajo y Previsión Social
Format: Bog
Sprog:spansk
Udgivet: México : Secretaría del Trabajo y Previsión Social, 1999, c1999
Fag:
Tags: Tilføj Tag
Ingen Tags, Vær først til at tagge denne postø!

MARC

LEADER 00000nam^a2200000^a^4500
001 000108430
005 20250521000000.0
009 20260310093646.122
020 |a 968-813-582-8 
037 |a Acervo ITESO - Biblioteca 
041 |a ESP 
082 |a 320. 9720640  |b MEX 1999 STPS 
110 |a México.  |b Secretaría del Trabajo y Previsión Social 
245 1 0 |a Informe de labores 1998-1999 [de la STPS] / 
264 4 |a México :  |b Secretaría del Trabajo y Previsión Social,  |c 1999, c1999 
300 |a 109, [48] p. 
336 |a texto  |b txt  |2 rdacontenido 
337 |a sin mediación  |b n  |2 rdamedio 
338 |a volumen  |b nc  |2 rdasoporte 
520 |a En este informe se presenta el programa/presupuesto y la estructura orgánica de la Secretaría de Trabajo y Previsión Social durante el periodo septiembre 1998-agosto 1999. Se presentan, asimiso, los resultados de las acciones desarrolladas por la STPS y un informe sobre las actividades por área administrativa que componen el sector laboral. Se incluye el presupuesto de egresos autorizado para el ejercicio 1998-1999, y una serie de estadísticas sobre cuestiones laborales en el país. 
649 |a XX 
650 |a Previsión Social -  |z México 
650 |a Empleo y Desempleo 
650 |a Relaciones Laborales 
650 |a Administración Pública -  |z México -  |x Historia -  |y 1994-2000 
650 |a Política -  |z México -  |x Historia -  |y 1994-2000 
910 |a Fondo General 
920 |a Impresos - Libros 
930 |a Colección General 
905 |a 101 
901 |a 0500044028  |b IT1  |c ACC  |u 20250521 
902 |a https://opac.biblio.iteso.mx/vufind/Record/000108430